Mangas et anime - Quiz par lettre - W - Statistiques

Statistiques générales
  • Ce quiz a été pris 216 fois
  • Le résultat moyen est 8 sur 20
Statistiques - réponses
Indice Réponse % Correct
Terme employé par un fan pour parler d'un personnage féminin qu'il considère comme sa compagne Waifu
80%
Le stand de Dio, dans Jojo's Bizarre Advzenture, se nomme The _____ World
68%
Terme employé pour parler de manhwa publiés en ligne Webtoon
64%
Dans One Piece, quartier général de Big Mom Whole Cake Island
64%
Nom complet du magazine de prépublication hebdomadaire de la Shueisha Weekly Shonen Jump
61%
Dans One Piece, c'est la ville des charpentiers marins Water Seven
61%
Dans Dragon Ball, ange qui est chargé de guider Beerus Whis
55%
Jeu vidéo d'Ankama qui a eu droit à son manga Wakfu
47%
Manga dans lequel le jeune Sakura intègre un lycée de délinquants protecteurs de quartier Wind Breaker
47%
Sport pratiqué dans Re-Main Water-polo
47%
Dans My Hero Academia, c'est "le héros de la machine à laver" Wash
42%
Dans One Piece, c'est le sabre de Zoro qui appartenait à Kuina: Le ____ Ichimonji Wado
40%
Personnage de FullMetal Alchemist qui s'occupe de l'entretien des automails d'Edward Winry Rockbell
40%
Dans FullMetal Alchemist, c'est la véritable identité de King Bradley Wrath
31%
Il devient le maître de Gon et Killua dans l'apprentissage du Nen, dans Hunter x Hunter Wing
26%
Le fondateur de cet orphelinat, aussi connu sous le nom de Wammy Watari
19%
Ville anglaise qui abrite l'orphelinat dans lequel L a grandi, dans Death Note Winchester
16%
Manga dans lequel un ogre stoïque devient le familier d'une sorcière maladroite Witch Watch
12%
Dans Haikyuu!, le meilleur joueur de Sendai se nomme __________ Ushijima Wakatoshi
10%
Album des Beatles qui donne son nom à un stand de Jojo's Bizarre Adventure White Album
7%
Aucun quiz correspondant
Distribution des résultats
% des personnes avec chaque résultat
Percentile par nombre de réponses
Votre historique - résultats
Vous n’avez pas pris ce quiz